| 000 | 00353nam a2200145Ia 4500 | ||
|---|---|---|---|
| 005 | 20251222152646.0 | ||
| 008 | 251222s9999||||xx |||||||||||||| ||spa|| | ||
| 020 | _a9788497783293 | ||
| 082 | _a862.2/D36 | ||
| 100 | _aDe Rojas, Fernando | ||
| 245 | 0 | _aLa Celestina | |
| 250 | _a1ra.ed. | ||
| 264 | _bSociedad General de Librerias, S.A. | ||
| 942 | _cLIB | ||
| 999 |
_c28266 _d28266 |
||